LEADER 00749nam a2200229 i 4500 001 991002196909707536 005 20020503162242.0 008 000505s1963 fr ||| | fre 035 $ab10330057-39ule_inst 035 $aEXGIL99875$9ExL 040 $aBiblioteca Interfacoltà$bita 082 0 $a842.91 100 1 $aAnouilh, Jean$0196483 245 10$aColombe /$cJean Anouilh 260 $aParis :$bLa table ronde,$c1963 300 $a246 p. ;$c21 cm 907 $a.b10330057$b02-04-14$c27-06-02 912 $a991002196909707536 945 $aLE002 Fr. V A 6$g1$i2002000957764$lle002$o-$pE0.00$q-$rl$s- $t0$u0$v0$w0$x0$y.i10388266$z27-06-02 996 $aColombe$9199985 997 $aUNISALENTO 998 $ale002$b01-01-00$cm$da $e-$ffre$gfr $h0$i1